[Event "CFR-chT"]
[Site "Elets"]
[Date "2009.12.17"]
[Round "3"]
[White "Morozov, Vladimir"]
[Black "Domogaev, Sergey"]
[Result "0-1"]
[WhiteElo "2062"]
[BlackElo "2349"]
[PlyCount "68"]
[EventDate "2009.12.16"]
[EventType "team-swiss"]
[EventRounds "7"]
[EventCountry "RUS"]
[SourceTitle "EXT 2022"]
[Source "ChessBase"]
[SourceDate "2021.10.06"]
[SourceVersion "1"]
[SourceVersionDate "2021.10.06"]
[SourceQuality "1"]

1. e4 a6 2. d4 c5 3. c3 cxd4 4. cxd4 d5 5. exd5 Nf6 6. Nc3 g6 7. Bg5 Bg7 8. Qb3 0-0 9. Bd3 b5 10. Nge2 Bb7 11. 0-0 Nxd5 12. Nxd5 Bxd5 13. Bxe7 Qd7 14. Qa3 Re8 15. Bc5 Nc6 16. h3 Qb7 17. Nf4 Nxd4 18. Nxd5 Qxd5 19. Rad1 Ne6 20. Be3 Qe5 21. b4 Bf8 22. Qb3 Rac8 23. Rc1 Bd6 24. g3 Nd4 25. Bxd4 Qxd4 26. Kg2 Bxb4 27. Rfd1 Rxc1 28. Rxc1 Bc5 29. Qc2 Re5 30. h4 Qd5+ 31. Kh2 Bxf2 32. Bf1 Qf3 33. Qc8+ Kg7 34. Qh3 Bg1+ 0-1

[Event "Elets-C op"]
[Site "Elets"]
[Date "2009.09.16"]
[Round "6"]
[White "Morozov, Vladimir"]
[Black "Ryakhovskiy, Alexander"]
[Result "1/2-1/2"]
[WhiteElo "2076"]
[BlackElo "1947"]
[PlyCount "57"]
[EventDate "2009.09.12"]
[EventType "swiss"]
[EventRounds "9"]
[EventCountry "RUS"]
[SourceTitle "CBM 132 Extra"]
[Source "ChessBase"]
[SourceDate "2009.11.03"]
[SourceVersion "1"]
[SourceVersionDate "2009.11.03"]
[SourceQuality "1"]

1. d4 Nf6 2. c4 g6 3. Nf3 Bg7 4. g3 d6 5. Bg2 c5 6. Nc3 0-0 7. 0-0 Na6 8. d5 Nc7 9. Bf4 Nh5 10. Bg5 h6 11. Bd2 e6 12. dxe6 Bxe6 13. Qc1 Kh7 14. b3 d5 15. cxd5 Nxd5 16. e4 Nxc3 17. Bxc3 Bxc3 18. Qxc3 Rc8 19. Rad1 Qe7 20. Ne5 Rfd8 21. f4 f6 22. Nc4 b5 23. Ne3 c4 24. b4 a5 25. a3 axb4 26. axb4 Rxd1 27. Rxd1 Rd8 28. Bf3 Ng7 29. g4 1/2-1/2

[Event "Elets-C op"]
[Site "Elets"]
[Date "2009.09.14"]
[Round "4"]
[White "Morozov, Vladimir"]
[Black "Kazantseva, Alla"]
[Result "1/2-1/2"]
[WhiteElo "2076"]
[BlackElo "1958"]
[PlyCount "128"]
[EventDate "2009.09.12"]
[EventType "swiss"]
[EventRounds "9"]
[EventCountry "RUS"]
[SourceTitle "CBM 132 Extra"]
[Source "ChessBase"]
[SourceDate "2009.11.03"]
[SourceVersion "1"]
[SourceVersionDate "2009.11.03"]
[SourceQuality "1"]

1. d4 Nf6 2. c4 g6 3. Nc3 d5 4. Nf3 Bg7 5. Qa4+ Bd7 6. Qb3 dxc4 7. Qxc4 0-0 8. e4 c6 9. Be2 Be6 10. Qd3 Na6 11. 0-0 Nc7 12. Rd1 Qc8 13. Bf4 Nh5 14. Bg5 Nf6 15. h3 h6 16. Be3 Rd8 17. Rac1 a6 18. Na4 Nd7 19. Qa3 b5 20. Rxc6 bxa4 21. Rdc1 Qb7 22. Rxc7 Qxe4 23. Qxe7 Bf8 24. Qh4 Qxh4 25. Nxh4 Bxa2 26. Bc4 Bb3 27. Rb7 Bxc4 28. Rxc4 Rab8 29. Rxb8 Rxb8 30. Rxa4 Rxb2 31. Rxa6 Rb8 32. Kf1 Bg7 33. Ke2 Nf6 34. Bxh6 Bxh6 35. Rxf6 Rb2+ 36. Kf3 Rd2 37. Rd6 Bg7 38. Rd8+ Kh7 39. Rd7 Rxd4 40. Rxd4 Bxd4 41. g4 Be5 42. Ng2 Kg7 43. Ne3 Kf6 44. Ke4 Bc7 45. h4 Bb8 46. Nd5+ Ke6 47. f4 Bd6 48. f5+ gxf5+ 49. gxf5+ Kd7 50. Nb6+ Ke8 51. f6 Bf8 52. Kf5 Bh6 53. Nc4 Kf8 54. Ne5 Bc1 55. Nf3 Kg8 56. Ng5 Bd2 57. h5 Be3 58. h6 Bxg5 59. Kxg5 Kh7 60. Kh5 Kh8 61. Kg4 Kh7 62. Kg5 Kh8 63. Kf4 Kh7 64. Ke5 Kxh6 1/2-1/2

[Event "Lipetsk Region-ch op"]
[Site "Lipetsk"]
[Date "2008.10.24"]
[Round "7"]
[White "Shishkin, Lev"]
[Black "Morozov, Vladimir"]
[Result "1/2-1/2"]
[WhiteElo "2052"]
[BlackElo "2112"]
[PlyCount "56"]
[EventDate "2008.10.18"]
[EventType "swiss"]
[EventRounds "9"]
[EventCountry "RUS"]
[SourceTitle "EXT 2022"]
[Source "ChessBase"]
[SourceDate "2021.10.06"]
[SourceVersion "1"]
[SourceVersionDate "2021.10.06"]
[SourceQuality "1"]

1. e4 c5 2. Nf3 Nc6 3. d4 cxd4 4. Nxd4 g6 5. Nc3 Bg7 6. Nb3 Nf6 7. Be2 d6 8. 0-0 0-0 9. Re1 Be6 10. Bg5 a5 11. a4 Rc8 12. Qd2 Nb4 13. Nd4 Bc4 14. Bf3 Nd7 15. Be3 Ne5 16. Bd1 Qd7 17. b3 Be6 18. Ncb5 f5 19. Nxe6 Qxe6 20. Nd4 Qf7 21. f4 Nd7 22. exf5 gxf5 23. c3 Nd5 24. Rc1 Nxe3 25. Qxe3 e5 26. Nb5 Qg6 27. Bf3 Nc5 28. Bd5+ Kh8 1/2-1/2

[Event "Lipetsk Region-ch op"]
[Site "Lipetsk"]
[Date "2008.10.23"]
[Round "6"]
[White "Morozov, Vladimir"]
[Black "Geranichev, Mikhail"]
[Result "1-0"]
[WhiteElo "2112"]
[BlackElo "1847"]
[PlyCount "53"]
[EventDate "2008.10.18"]
[EventType "swiss"]
[EventRounds "9"]
[EventCountry "RUS"]
[SourceTitle "EXT 2022"]
[Source "ChessBase"]
[SourceDate "2021.10.06"]
[SourceVersion "1"]
[SourceVersionDate "2021.10.06"]
[SourceQuality "1"]

1. d4 Nf6 2. c4 g6 3. Nc3 Bg7 4. e4 d6 5. Be2 0-0 6. Bg5 h6 7. Be3 Nc6 8. Qd2 Kh7 9. d5 Ne5 10. h3 c5 11. f4 Ned7 12. g4 Ne8 13. Nf3 a6 14. h4 Qa5 15. h5 gxh5 16. g5 Rh8 17. Rxh5 Kg8 18. Kf2 b5 19. Rg1 hxg5 20. Nxg5 b4 21. Nd1 Ndf6 22. Rxh8+ Bxh8 23. e5 Nd7 24. Qd3 Bg7 25. Qh7+ Kf8 26. Qh5 Nxe5 27. fxe5 1-0

[Event "Lipetsk King's Gambit 2nd"]
[Site "Lipetsk"]
[Date "2008.07.15"]
[Round "7"]
[White "Geranichev, Mikhail"]
[Black "Morozov, Vladimir"]
[Result "1-0"]
[WhiteElo "1813"]
[BlackElo "2131"]
[PlyCount "51"]
[EventDate "2008.07.08"]
[EventType "swiss"]
[EventRounds "9"]
[EventCountry "RUS"]
[SourceTitle "EXT 2022"]
[Source "ChessBase"]
[SourceDate "2021.10.06"]
[SourceVersion "1"]
[SourceVersionDate "2021.10.06"]
[SourceQuality "1"]

1. e4 c5 2. Nf3 Nc6 3. d4 cxd4 4. Nxd4 g6 5. c4 Bg7 6. Be3 Nf6 7. Nc3 Ng4 8. Qxg4 Nxd4 9. Qd1 Ne6 10. Rc1 b6 11. Be2 Bb7 12. f3 0-0 13. 0-0 d6 14. Qd2 Re8 15. Nd5 Rc8 16. Rfd1 Qd7 17. b3 Red8 18. Kh1 Nc7 19. Bf1 Qe8 20. a4 e6 21. Nxc7 Rxc7 22. a5 bxa5 23. Qxa5 Rcd7 24. b4 d5 25. cxd5 exd5 26. Bb5 1-0

[Event "Lipetsk King's Gambit 2nd"]
[Site "Lipetsk"]
[Date "2008.07.13"]
[Round "5"]
[White "Semenkov, Artem"]
[Black "Morozov, Vladimir"]
[Result "0-1"]
[WhiteElo "2145"]
[BlackElo "2131"]
[PlyCount "76"]
[EventDate "2008.07.08"]
[EventType "swiss"]
[EventRounds "9"]
[EventCountry "RUS"]
[SourceTitle "EXT 2022"]
[Source "ChessBase"]
[SourceDate "2021.10.06"]
[SourceVersion "1"]
[SourceVersionDate "2021.10.06"]
[SourceQuality "1"]

1. d4 Nf6 2. c4 e6 3. Nf3 d5 4. g3 dxc4 5. Qa4+ Nbd7 6. Qxc4 a6 7. a4 b5 8. Qd3 Bb7 9. Nbd2 b4 10. Bg2 c5 11. 0-0 cxd4 12. Qxd4 Bc5 13. Qh4 0-0 14. Ng5 Bxg2 15. Kxg2 Be7 16. Qd4 Nc5 17. Ngf3 Qb8 18. b3 Rd8 19. Qb2 Nd5 20. Qc2 Bf6 21. Bb2 Nc3 22. Nc4 N5e4 23. Ne1 Ra7 24. f3 Nd6 25. Nxd6 Qxd6 26. Bxc3 Rc7 27. Bxb4 Rxc2 28. Nxc2 Qc7 29. Rac1 Rc8 30. Ba3 Qb7 31. b4 Bg5 32. e3 h5 33. h4 Be7 34. Bb2 Bxb4 35. Nxb4 Rxc1 36. Rxc1 Qxb4 37. Bc3 Qxa4 38. Bd4 Kh7 0-1

[Event "Lipetsk-ch"]
[Site "Lipetsk"]
[Date "2008.03.28"]
[Round "9"]
[White "Malykh, Yuriy A"]
[Black "Morozov, Vladimir"]
[Result "1/2-1/2"]
[WhiteElo "2136"]
[BlackElo "2141"]
[PlyCount "42"]
[EventDate "2008.03.20"]
[EventType "swiss"]
[EventRounds "9"]
[EventCountry "RUS"]
[SourceTitle "EXT 2022"]
[Source "ChessBase"]
[SourceDate "2021.10.06"]
[SourceVersion "1"]
[SourceVersionDate "2021.10.06"]
[SourceQuality "1"]

1. e4 c5 2. Nf3 Nc6 3. d4 cxd4 4. Nxd4 g6 5. c4 Bg7 6. Be3 Nf6 7. Nc3 Ng4 8. Qxg4 Nxd4 9. Qd1 Ne6 10. Bd3 Qa5 11. Rc1 b6 12. 0-0 g5 13. Bb1 Bb7 14. Qd2 Qe5 15. b3 d6 16. Nd5 Rc8 17. Rcd1 Rg8 18. f3 Bh8 19. a4 Nc5 20. Qc2 Qb2 21. Qxb2 Bxb2 1/2-1/2

[Event "Lipetsk-ch"]
[Site "Lipetsk"]
[Date "2008.03.25"]
[Round "6"]
[White "Skomorohov, Grigorij"]
[Black "Morozov, Vladimir"]
[Result "0-1"]
[WhiteElo "2193"]
[BlackElo "2141"]
[PlyCount "84"]
[EventDate "2008.03.20"]
[EventType "swiss"]
[EventRounds "9"]
[EventCountry "RUS"]
[SourceTitle "EXT 2022"]
[Source "ChessBase"]
[SourceDate "2021.10.06"]
[SourceVersion "1"]
[SourceVersionDate "2021.10.06"]
[SourceQuality "1"]

1. e4 e5 2. Nf3 d5 3. exd5 e4 4. Bb5+ c6 5. dxc6 bxc6 6. Qe2 cxb5 7. Qxe4+ Qe7 8. Qxe7+ Bxe7 9. Nc3 a6 10. Nd5 Ra7 11. d3 Be6 12. Be3 Rb7 13. Nxe7 Nxe7 14. 0-0 0-0 15. Nd4 Bd5 16. a3 Nbc6 17. Nxc6 Bxc6 18. Bc5 Rc8 19. Rfe1 Ng6 20. g3 Rbb8 21. Re3 Re8 22. Rae1 Rxe3 23. Rxe3 Re8 24. Rxe8+ Bxe8 25. Kf1 f6 26. Ke2 Kf7 27. Ke3 Ne5 28. Kd4 Ke6 29. Bf8 g5 30. f4 gxf4 31. gxf4 Nf3+ 32. Kc5 Nxh2 33. d4 h5 34. d5+ Kd7 35. Kb6 h4 36. Bc5 Nf3 37. Bf2 h3 38. Bg3 Kd6 39. Kxa6 Kxd5 40. Kb6 f5 41. b3 Nd4 42. a4 b4 0-1

[Event "Lipetsk-ch"]
[Site "Lipetsk"]
[Date "2008.03.20"]
[Round "1"]
[White "Morozov, Vladimir"]
[Black "Geranichev, Mikhail"]
[Result "1-0"]
[WhiteElo "2141"]
[BlackElo "1743"]
[PlyCount "39"]
[EventDate "2008.03.20"]
[EventType "swiss"]
[EventRounds "9"]
[EventCountry "RUS"]
[SourceTitle "EXT 2022"]
[Source "ChessBase"]
[SourceDate "2021.10.06"]
[SourceVersion "1"]
[SourceVersionDate "2021.10.06"]
[SourceQuality "1"]

1. e4 e5 2. Nf3 Nc6 3. Bb5 a6 4. Ba4 Nf6 5. d4 exd4 6. 0-0 Be7 7. Re1 0-0 8. c3 dxc3 9. Nxc3 b5 10. Bb3 d6 11. Bf4 Bg4 12. Rc1 Bxf3 13. gxf3 Ne5 14. Bg3 Qc8 15. f4 Neg4 16. e5 Nh5 17. e6 Ngf6 18. exf7+ Kh8 19. Rxe7 Qh3 20. Be6 1-0

[Event "Elets-ch op"]
[Site "Elets"]
[Date "2007.10.28"]
[Round "8"]
[White "Morozov, Vladimir"]
[Black "Soloviov, Sergey"]
[Result "1/2-1/2"]
[WhiteElo "2140"]
[BlackElo "2134"]
[PlyCount "81"]
[EventDate "2007.10.22"]
[EventType "swiss"]
[EventRounds "9"]
[EventCountry "RUS"]
[SourceTitle "EXT 2022"]
[Source "ChessBase"]
[SourceDate "2021.10.06"]
[SourceVersion "1"]
[SourceVersionDate "2021.10.06"]
[SourceQuality "1"]

1. e4 e5 2. Nf3 Nf6 3. Nxe5 d6 4. Nf3 Nxe4 5. Qe2 Qe7 6. d3 Nf6 7. Bg5 Qxe2+ 8. Bxe2 Be7 9. Nc3 Nc6 10. 0-0-0 Bd7 11. Rhe1 0-0-0 12. h3 Rhe8 13. Kb1 h6 14. Bxf6 Bxf6 15. Nd5 Bd4 16. Nxd4 Nxd4 17. Bf1 Ne6 18. g3 Ng5 19. Bg2 Ne6 20. Ne3 Nd4 21. Kc1 Nf5 22. Nxf5 Bxf5 23. Kd2 Bd7 24. Rxe8 Rxe8 25. Re1 Rxe1 26. Kxe1 c5 27. Ke2 d5 28. d4 Bf5 29. c3 Bb1 30. a3 Kc7 31. Ke3 Kd6 32. h4 Bf5 33. f3 g5 34. hxg5 hxg5 35. g4 Bc2 36. f4 f6 37. fxg5 fxg5 38. Bf1 Be4 39. Bd3 Bxd3 40. Kxd3 a5 41. b3 1/2-1/2

[Event "Riazan op"]
[Site "Riazan"]
[Date "2007.08.??"]
[Round "?"]
[White "Dubov, Danil"]
[Black "Morozov, Vladimir"]
[Result "1-0"]
[WhiteElo "2106"]
[BlackElo "2140"]
[PlyCount "119"]
[EventDate "2007.08.??"]
[EventType "swiss"]
[EventRounds "9"]
[EventCountry "RUS"]
[SourceTitle "EXT 2009"]
[Source "ChessBase"]
[SourceDate "2008.11.26"]
[SourceVersion "1"]
[SourceVersionDate "2008.11.26"]
[SourceQuality "1"]

1. e4 c5 2. Nf3 d6 3. d4 cxd4 4. Nxd4 Nf6 5. f3 Nc6 6. c4 e6 7. Nc3 Be7 8. Be3 a6 9. Be2 Bd7 10. 0-0 0-0 11. Kh1 Rc8 12. Rc1 Ne5 13. b3 Qc7 14. f4 Ng6 15. Qe1 Kh8 16. Qg3 Qb8 17. h4 Bd8 18. h5 Ne7 19. h6 gxh6 20. Qh2 Ba5 21. e5 Nfg8 22. exd6 Qxd6 23. Ne4 Qc7 24. a3 Nf5 25. Nxf5 exf5 26. Bd4+ f6 27. Ng3 Qd6 28. Rcd1 Qe7 29. b4 Ba4 30. bxa5 Bxd1 31. Rxd1 Rfd8 32. Qh5 Re8 33. Bd3 Rcd8 34. Nxf5 Qf8 35. Bc2 Re6 36. Ba4 Re4 37. Qf3 Re6 38. Qxb7 Re2 39. Rb1 Ne7 40. Bc5 Qf7 41. Bxe7 Qh5+ 42. Kg1 Qxf5 43. Rf1 Rg8 44. Bc6 Qe6 45. Bc5 Qxc4 46. Bb6 Qc2 47. Bd5 Rf8 48. Bf3 Ree8 49. Qxa6 Qd2 50. Bc5 Qxf4 51. Qd6 Qg5 52. Qd4 Rd8 53. Qe3 Rfe8 54. Qxg5 hxg5 55. a6 Kg7 56. a7 h5 57. Bxh5 Re5 58. Rc1 f5 59. Bd4 Rxd4 60. a8Q 1-0

[Event "Riazan op"]
[Site "Riazan"]
[Date "2007.08.??"]
[Round "1"]
[White "Gaspariants, Garry"]
[Black "Morozov, Vladimir"]
[Result "1/2-1/2"]
[WhiteElo "2241"]
[BlackElo "2140"]
[PlyCount "43"]
[EventDate "2007.08.??"]
[EventType "swiss"]
[EventRounds "9"]
[EventCountry "RUS"]
[SourceTitle "EXT 2009"]
[Source "ChessBase"]
[SourceDate "2008.11.26"]
[SourceVersion "1"]
[SourceVersionDate "2008.11.26"]
[SourceQuality "1"]

1. d4 Nf6 2. c4 g6 3. Nc3 Bg7 4. e4 0-0 5. Be2 d6 6. Bg5 c5 7. d5 Qa5 8. Qd2 a6 9. a4 b5 10. cxb5 axb5 11. Bxb5 Ba6 12. f3 h6 13. Be3 e6 14. Ra3 Qb4 15. Bxa6 Nxa6 16. Nge2 exd5 17. exd5 Rab8 18. Ra2 Qc4 19. 0-0 Nb4 20. Ra3 Rfe8 21. b3 Qa6 22. Bf2 1/2-1/2

[Event "Voronezh op-B 11th"]
[Site "Voronezh"]
[Date "2007.06.20"]
[Round "9"]
[White "Morozov, Vladimir"]
[Black "Nazarian, Marina"]
[Result "0-1"]
[WhiteElo "2140"]
[BlackElo "2119"]
[PlyCount "54"]
[EventDate "2007.06.12"]
[EventType "swiss"]
[EventRounds "9"]
[EventCountry "RUS"]
[SourceTitle "EXT 2010"]
[Source "ChessBase"]
[SourceDate "2010.11.25"]
[SourceVersion "1"]
[SourceVersionDate "2010.11.25"]
[SourceQuality "1"]

1. c4 g6 2. d4 Bg7 3. Nf3 e6 4. Nc3 Ne7 5. Bf4 d6 6. e3 Nd7 7. Be2 b6 8. 0-0 Bb7 9. e4 0-0 10. Qc2 e5 11. Be3 h6 12. Rad1 Qc8 13. d5 Kh7 14. Nd2 f5 15. f4 exf4 16. Bxf4 Be5 17. Bxe5 Nxe5 18. exf5 Nxf5 19. Qe4 Qd8 20. Nf3 Nxf3+ 21. Rxf3 Qg5 22. Rdf1 Rae8 23. Qf4 Nh4 24. Qxg5 Nxf3+ 25. Bxf3 hxg5 26. Nb5 Re7 27. Nxa7 Ra8 0-1